00242nam a2200097Ia 4500008004100000100001600041245002000057260004300077942000700120999001700127190216s9999||||xx |||||||||||||| ||und|| aVictor Hugo 0aThonnooti Moonu bSahithya Pravarthaka Sahakarana Sangam cBK c24731d24731